000 00610nam a2200241Ia 4500
003 OSt
005 20220918201006.0
006 a|||||r|||| 00| 0
007 ta
008 220917b |||||||| |||| 00| 0 eng d
024 _a91,127
037 _cTextual
040 _aARTS
_cARTS
_beng
041 _2eng
_aeng
082 _aU8.498, G6;N2
100 _aDavid Neel A
_975151
245 0 _aTibetan journey
260 _aDelhi
_bBook Faith India
_c1992
300 _ax, 276p.
_ccm.
650 _aGEOGRAPHY
942 _hU8.498, G6;N2
_cTEXL
_2CC
999 _c214787
_d214787